000 00435nam a2200145 a 4500
001 000047550
005 20201002060612.0
008 150206s2017 r 000 spa d
020 _a9788427140219
040 _aDO-SdBNP
_bspa
_cBNPHU
245 1 0 _aCongregación general 36 de la compañía de Jesús :
_bdocumentos.
260 _aSanto Domingo :, :
_bJesuitas,
_c2017.
300 _a236 p. ;
_c19 cm.
590 _aInventariado, 2020 / DG
999 _c47038
_d47038